Central Library OPAC University of Rajshahi

Human cognition : (Record no. 30141)

MARC details
000 -LEADER
fixed length control field 01047nam a2200289 4500
001 - CONTROL NUMBER
control field 30141
003 - CONTROL NUMBER IDENTIFIER
rucl marc code BD-RjUL
005 - DATE AND TIME OF LATEST TRANSACTION
control field 20211209051523.0
008 - FIXED-LENGTH DATA ELEMENTS--GENERAL INFORMATION
fixed length control field 140409s1998 ii a b 001 0 eng d
020 ## - INTERNATIONAL STANDARD BOOK NUMBER
International Standard Book Number 0761992499 (alk. paper)
035 ## - SYSTEM CONTROL NUMBER
System control number (BD-RjUL)30226
040 ## - CATALOGING SOURCE
Original cataloging agency DLC
Transcribing agency DLC
Modifying agency BD-RjUL
Language of cataloging eng
041 ## - LANGUAGE CODE
Language code of text/sound track or separate title eng
082 00 - DEWEY DECIMAL CLASSIFICATION NUMBER
Classification number 153
Edition number 21
Author mark and year HUM 1998
245 00 - TITLE STATEMENT
Title Human cognition :
Remainder of title a multidisciplinary perspective /
Statement of responsibility, etc. editors, Indramani Singh, Raja Parasuraman.
260 ## - PUBLICATION, DISTRIBUTION, ETC. (IMPRINT)
Place of publication, distribution, etc. New Delhi ;
-- Thousand Oaks, Calif. :
Name of publisher, distributor, etc. Sage Publications,
Date of publication, distribution, etc. 1998.
300 ## - PHYSICAL DESCRIPTION
Pagination 372 p. :
Illustrations ill. ;
Size 22 cm.
504 ## - BIBLIOGRAPHY, ETC. NOTE
Bibliography, etc Includes bibliographical references and indexes.
650 #0 - SUBJECT ADDED ENTRY--TOPICAL TERM
Topical term or geographic name as entry element Cognition.
9 (RLIN) 91644
700 1# - ADDED ENTRY--PERSONAL NAME
Personal name Singh, Indramani,
Dates associated with a name 1952-
Personal name Parasuraman, R.
856 41 - ELECTRONIC LOCATION AND ACCESS
Materials specified Table of contents only
Uniform Resource Identifier <a href="http://www.loc.gov/catdir/enhancements/fy0657/98021377-t.html">http://www.loc.gov/catdir/enhancements/fy0657/98021377-t.html</a>
Materials specified Publisher description
Uniform Resource Identifier <a href="http://www.loc.gov/catdir/enhancements/fy0660/98021377-d.html">http://www.loc.gov/catdir/enhancements/fy0660/98021377-d.html</a>
942 ## - ADDED ENTRY ELEMENTS (KOHA)
Source of classification or shelving scheme Dewey Decimal Classification
Koha item type Books
Holdings
Lost status Source of classification or shelving scheme Damaged status Not for loan Collection code Permanent Location Current Location Shelving location Date acquired Source of acquisition Cost, normal purchase price Total Checkouts Full call number Date last seen Copy number Koha item type
  Dewey Decimal Classification     Non-fiction Central Library, University of Rajshahi Central Library, University of Rajshahi   13/04/2006 Dhaka Paragon Enterprises Ltd. 680.00   153 HUM 1998 09/04/2014 C-3 Books
  Dewey Decimal Classification     Non-fiction Central Library, University of Rajshahi Central Library, University of Rajshahi   13/04/2006 Dhaka Paragon Enterprises Ltd. 680.00   153 HUM 1998 09/04/2014 C-4 Books
  Dewey Decimal Classification     Non-fiction Central Library, University of Rajshahi Central Library, University of Rajshahi   03/05/2008 Dhaka Paragon Enterprises Ltd. 725.00   153 HUM 1998 09/04/2014 C-5 Books
  Dewey Decimal Classification     Non-fiction Central Library, University of Rajshahi Central Library, University of Rajshahi   03/05/2008 Dhaka Paragon Enterprises Ltd. 725.00   153 HUM 1998 09/04/2014 C-6 Books
  Dewey Decimal Classification     Non-fiction Central Library, University of Rajshahi Central Library, University of Rajshahi   06/10/2005 Dhaka,Paragon Enterprise Lit., 680.00   153 HUM 1998 06/11/2016 C-2 Books
  Dewey Decimal Classification   Not For Loan Non-fiction Central Library, University of Rajshahi Central Library, University of Rajshahi Reading Room 06/10/2005 Dhaka, paragon Enterprises 680.00   153 HUM 1998 18/03/2017 C-1 Books